000 01180nam a2200229Ia 4500
003 Ost
005 20260507075510.0
008 260507s9999||||xx |||||||||||||| ||und||
020 _a9789957499600
040 _cfsecg
041 _aara
082 _a657
100 _aالحسبان، عطا الله احمد سويلم
_eمؤلف
245 0 _aالتدقيق والرقابة الداخلية في بيئة نظم المعلومات المحاسبية /
_c عطا الله احمد سويلم الحسبان
260 _aعمان:
_bدار الراية,
_c2009
300 _a231 صفحة؛
_bإيضاحات ؛
_c25 سم
504 _aببليوغرافيا:ص ص.223-231
520 _aمتطلبات بيئة تكنولوجيا المعلومات،نظام الرقابة الداخلية في ظل بيئة تكنولوجيا المعلومات،نظام الرقابة الداخلية في ظل بيئة تكنولوجيا المعلومات،تطور دور التدقيق الداخلي في بيئة تكنولوجيا المعلومات
653 _aالمحاسبة
653 _aنظم المعلومات- المؤسسة الممتدة
942 _cكتاب
999 _c44730
_d44730